Defunct NHL Teams - Statistics

General Stats
  • This quiz has been taken 54 times
  • The average score is 11 of 19
Answer Stats
Hint Answer % Correct
1999 - 2011 Atlanta Thrashers
91%
1979 - 1997 Hartford Whalers
87%
1979 - 1995 Quebec Nordiques
85%
1967 - 1976 California Golden Seals
79%
1967 - 1993 Minnesota North Stars
79%
1979 - 1996 Winnipeg Jets
79%
1972 - 1980 Atlanta Flames
66%
1976 - 1982 Colorado Rockies
64%
1924 - 1938 Montreal Maroons
64%
1925 - 1942 Brooklyn Americans
57%
1976 - 1978 Cleveland Barons
53%
1917 - 1934 Ottawa Senators
53%
1974 - 1976 Kansas City Scouts
47%
1919 - 1920 Quebec Bulldogs
40%
1920 - 1925 Hamilton Tigers
38%
1930 - 1931 Philadelphia Quakers
38%
1925 - 1930 Pittsburgh Pirates
38%
1917 - 1918 Montreal Wanderers
36%
1934 - 1935 St. Louis Eagles
32%
No matching quizzes found
Score Distribution
Percent of People with Each Score
Percentile by Number Answered
Your Score History
You have not taken this quiz